000 00647nam a2200193Ia 4500
005 20250317125012.0
008 008 250317s9999 xx 000 0 eng d
020 _a81-7036-755-7
037 _aTextbook
040 _aFMSL
_beng
_cFMSL
041 _aeng
_2eng
084 _aX:8D.1 N8
_qFMSL
100 _aHerman Barry Ed.
_9326475
245 0 _aInternational fice and developing countries in a year of crisis: 1997 discussions at the United Nations
260 _aNew Delhi
_bNew Delhi, Vistaar publications
_c1998
300 _avii,143
942 _cTB
_hX:8D.1 N8
999 _c1257581
_d1257581